00383nam a2200133 a 4500001000400000003000500004005001700009008004100026040002600067100001900093245005700112260004900169490003100218874CDMR20130116135158.0130130s1995||||||||||||||||||||||||||||d aCDMRbcatcCPC GIRONA1 aRamisa, Maties13aEl catalans i el domini napoleòniccRamisa, Maties c1995bPublicacions de l'Abadia de Montserrat0 aBiblioteca Abat Olibav158